Normal view
MARC view
Entry Personal Name
001 - CONTROL NUMBER
- control field: 36631
003 - CONTROL NUMBER IDENTIFIER
- control field: ARRUPE
005 - DATE AND TIME OF LATEST TRANSACTION
- control field: 20170929103415.0
008 - FIXED-LENGTH DATA ELEMENTS
- fixed length control field: 170929|| aca||aabn | a|a d
040 ## - CATALOGING SOURCE
- Original cataloging agency: ARRUPE
- Transcribing agency: ARRUPE
100 ## - HEADING--PERSONAL NAME
- Personal name: Bartlett, Richard,
- Dates associated with a name: 1965-
- Relator term: translator.
670 ## - SOURCE DATA FOUND
- Source citation: Work cat.: (ARRUPE)0: Khosa, Ungulani Ba Ka, 1957- author. 36630, Ualalapi :, 2016